| 000 | 01124cam a22002891 4500 | ||
|---|---|---|---|
| 001 | gs 58000013 | ||
| 003 | DLC | ||
| 005 | 20260227111406.0 | ||
| 008 | 731219s1957 utuab b 001 0 eng c | ||
| 010 | _ags 58000013 | ||
| 035 | _a(OCoLC)764491 | ||
| 040 |
_aU.S. Geol. Survey. Libr. _cOAU _dWaChenE _dDLC _dWaU |
||
| 042 | _apremarc | ||
| 043 | _an-us-ut | ||
| 050 | 0 | 0 |
_aQE169 _b.U7 no. 12 |
| 082 | _a557.96 | ||
| 110 | 2 | _aUtah Geological Society. | |
| 245 | 1 | 0 |
_aGeology of the East Tintic Mountains and ore deposits of the Tintic mining districts. _cContributors: John B. Bush [and others] Editor: Douglas R. Cook. |
| 260 |
_a[Salt Lake City] _bUtah Geological and Mineralogical Survey, _c1957. |
||
| 300 |
_aviii, 183 p. _billus., maps (part fold., 1 col., 4 in pocket) diagrs. _c23 cm. |
||
| 490 | 1 |
_aIts Guidebook to the geology of Utah, _vno. 12 |
|
| 504 | _aIncludes bibliographies. | ||
| 650 | 0 |
_aMines and mineral resources _zUtah _zEast Tintic Mountains. |
|
| 650 | 0 |
_aGeology _zUtah _zEast Tintic Mountains. |
|
| 740 | 0 | _aTintic mining districts. | |
| 830 | 0 |
_aGuidebook to the geology of Utah ; _vno. 12. |
|
| 999 |
_c29198 _d29198 |
||